000
00206 a2200097 4500
020
_a
9968123617
041
_a
spa
100
_a
Santillana
245
_a
Guia de Aprendisaje Multigrado EspaoÌšl 5
942
_c
BK
999
_c
15623
_d
15623